000 01764cam a2200133 4500500
005 20260405011512.0
041 _afre
042 _adc
100 1 0 _aGratchev, Andreï
_eauthor
245 0 0 _aGorbatchev, le pari perdu ? : De la perestroïka à la fin de la guerre froide
260 _bArmand Colin,
_c2011.
520 _aLa fin de la guerre froide marque une grande rupture dans l’histoire contemporaine. Victoire des États-Unis, piège de la coexistence pacifique, les grandes lignes sont tracées. Mais pour Andreï Gratchev, conseiller et dernier porte-parole de Mikhaïl Gorbatchev, les origines de ce bouleversement historique restent mal comprises. Les visions occidentalo-centrées ont tendance à minimiser ce qui s’est passé au sein du système soviétique : les fissures qui sont apparues dans le monolithe, la vision démocratique, moderne et sincère de Mikhaïl Gorbatchev qui a conçu cette rupture avec le soviétisme. En s’appuyant sur des témoignages exclusifs des principaux dirigeants de l’URSS, Andreï Gratchev reconstitue ce chaînon manquant. Il révèle ces débats internes, ces luttes ou ces décisions restées secrètes qui ont conduit au retrait des Soviétiques d’Afghanistan, à la chute du mur de Berlin, l’implosion du pacte du Varsovie et de l’URSS elle-même. Cette confession à plusieurs voix, sincère et documentée, se dégage une autre vision de l’implosion de l’URSS qui nous permet aussi de mieux comprendre la Russie post-soviétique, et de réfléchir à sa place dans la mondialisation. « Un livre passionnant qui remet Gorbatchev à sa vraie place » Hubert Védrine
856 4 1 _uhttps://shs.cairn.info/gorbatchev-le-pari-perdu--9782200275068?lang=fr&redirect-ssocas=7080
999 _c2095315
_d2095315